| 000 | 00560nam a2200193Ia 4500 | ||
|---|---|---|---|
| 999 |
_c36663 _d36663 |
||
| 003 | OSt | ||
| 005 | 20201217110518.0 | ||
| 008 | 190216s9999||||xx |||||||||||||| ||und|| | ||
| 020 | _a0879500018 | ||
| 040 | _coclc | ||
| 082 |
_a492.7321 _bWEH/D |
||
| 100 |
_aWehr, Hans _94587 |
||
| 245 | 2 |
_aA Dictionary Of Modern Written Arabic / _cHans Wehr |
|
| 250 | _a3rd Ed. | ||
| 260 |
_bSpoken Language Services, _c1976. _aNew York: |
||
| 300 | _a1110p | ||
| 650 | _aArabic Literature | ||
| 942 |
_cREF _2ddc _h492.7321 _iWEH/D _k492.7321 _mWEH/D |
||